000 00340pab a2200157 454500
008 180718b1978 xxu||||| |||| 00| 0 eng d
100 _aBanerjee, Nirmala
245 _aKalyani
260 _c1978
300 _ap.83-94.
362 _aJul-Sep
700 _aSengupta, Subhabrata
773 _aNagarlok
908 _aN
909 _a102227
999 _c102225
_d102225